Quantitative trading with R (Registro nro. 301172)

Detalles MARC
000 -ENCABEZADO
Número de control [NR] 02491nam a2200265Mc 4500
005 - FECHA Y HORA DE LA ÚLTIMA TRANSACCIÓN
control field 20151014150907.0
008 - DE LONGITUD FIJA DE DATOS DE ELEMENTOS - INFORMACIÓN GENERAL
Elementos de longitud fija [NR] 15 s2015 xxuad fr 001 0 eng d
020 ## - NUMERO INTERNACIONAL NORMALIZADO PARA LIBROS [R]
Número Internacional Normalizado del libro [NR] 9781137354075
035 ## - NUMERO DE CONTROL DEL SISTEMA [R]
Número de control del sistema [NR] (OCoLC)904265100
040 ## - FUENTE DE CATALOGACION [NR]
Agencia de catalogación original [NR] Co-BoUCM
Idioma de catalogación [NR] spa
Quien Cataloga Luz Cupitra
Quien Clasifica Luz Cupitra
041 ## - CODIGO DE IDIOMA [R]
Código de idioma para texto/pista de sonido o título separado [R] Inglés
100 1# - ASIENTO PRINCIPAL--NOMBRE PERSONAL [NR]
Nombre personal [NR] Georgakopoulos, Harry
ID Autoridad 72336
245 10 - MENCION DE TITULO [NR]
Título [NR] Quantitative trading with R
Parte restante del título [NR] understanding mathematical and computational tools from a quant's perspective
Mención de responsabilidad, etc. [NR] Harry Georgakopoulos
260 ## - PUBLICACION, DISTRIBUCION, ETC. (PIE DE IMPRENTA) [R]
Lugar de publicación, distribución, etc. [R] New York (Estados Unidos)
Nombre del editor, distribuidor, etc. [R] Palgrave macmillan
Fecha de publicación, distribución, etc. [R] 2015
300 ## - DESCRIPCION FISICA [R]
Extensión [R] xiii, 272 páginas
Otros detalles físicos [NR] ilustraciones, grafícas
504 ## - NOTA DE BIBLIOGRAFIA, ETC. [R]
Nota de bibliografía, etc. [NR] Incluye referencias bibliográficas e índices
520 ## - NOTA DE RESUMEN, ETC. [R]
Nota de sumario, etc. [NR] "Quantitative Trading with R offers readers a winning strategy for devising expertly-crafted and workable trading models using the R open-source programming language. Based on the author's own experience as a professor and high-frequency trader, this book provides a step-by-step approach to understanding complex quantitative finance problems and building functional computer code. This is an introductory work for students, researchers, and practitioners interested in applying statistical-programming, mathematical, and financial concepts to the creation and analysis of simple and practical trading strategies. No prior programming knowledge is assumed on the part of the reader. Georgakopoulos outlines basic trading concepts and walks the reader through the necessary math, data analysis, finance, and programming concepts necessary to successfully implement a strategy. Multiple examples are included throughout the work containing useful computer code that can be applied directly to real-world trading models. Individual case studies are split up into smaller modules for impact and retention. Chapters contain a balanced mix of mathematics, finance, and programming theory, and cover such topics as linear algebra, matrix manipulations, statistics, data analysis, and programming constructs. Upon completion of the book, readers will know how to research, analyze, backtest, and code up a successful trading strategy. "--
650 #4 - ASIENTO SECUNDARIO DE MATERIA - TERMINO TEMATICO [R]
Término temático o nombre geográfico como elemento de entrada [NR] Análisis financieros
Subdivisión general [R] Modelos matemáticos
9 (RLIN) 53871
650 #4 - ASIENTO SECUNDARIO DE MATERIA - TERMINO TEMATICO [R]
Término temático o nombre geográfico como elemento de entrada [NR] Finanzas
Subdivisión general [R] Modelos matemáticos
9 (RLIN) 28042
650 #4 - ASIENTO SECUNDARIO DE MATERIA - TERMINO TEMATICO [R]
Término temático o nombre geográfico como elemento de entrada [NR] Empresas
Subdivisión general [R] Finanzas
-- Modelos matemáticos
9 (RLIN) 14110
650 #4 - ASIENTO SECUNDARIO DE MATERIA - TERMINO TEMATICO [R]
Término temático o nombre geográfico como elemento de entrada [NR] Mercado financiero
Subdivisión general [R] Modelos matemáticos
9 (RLIN) 19348
690 ## - ASUNTO AGREGADO LOCAL DE ENTRADA - TÉRMINO TEMÁTICO (OCLC, RLIN)
9 (RLIN) 42817
Acceso temático local Finanzas
942 ## - ELEMENTOS DE ENTRADA AGREGADOS (KOHA)
Sistema de clasificación DEWEY
Tema principal Economía
Tipo de ítem principal el descrito en 300a Libro
Edición 1
Clasificación 332.64
Parte restante de la signatura top. G346qu
Existencias
Fecha de último préstamo Total préstamos Total Renewals Signatura topográfica Código de barras Última vez visto Ejemplar Costo de reposición Price effective from Tipo de ítem Perdido Dañado No prestable Tipo de ítem específico Suprimido Ubicación habitual Ubicación actual Localización Fecha de creación Proveedor Forma de adquisición Costo
13/05/2023 3 8 R 332.64 G346qu 100147837 04/12/2025 Ej.1 258412.00 28/09/2015 Libro       Libro   Claustro Claustro Mezanine 28/09/2015 15 Compra 258412.00